Biopsychology

Includes bibliographical references (pages 492-547) and indexes.; Neal A. Newfield, Ph.D., LICSW (Giver)

Сохранить в:
Библиографические подробности
Главный автор: Pinel, John P. J
Другие авторы: University of British Columbia
Формат:
Язык:Undetermined
Предметы:
Online-ссылка:http://lrc.tdmu.edu.vn/opac/search/detail.asp?aID=2&ID=31495
Метки: Добавить метку
Нет меток, Требуется 1-ая метка записи!
Thư viện lưu trữ: Trung tâm Học liệu Trường Đại học Thủ Dầu Một
LEADER 00704nam a2200181Ia 4500
001 TDMU_31495
008 210410s9999 xx 000 0 und d
082 |a 302 
090 |b P311 
100 |a Pinel, John P. J 
245 0 |a Biopsychology 
245 0 |c John P.J. Pinel, University of British Columbia 
300 |a xxii, 566 pages 
520 |a Includes bibliographical references (pages 492-547) and indexes.; Neal A. Newfield, Ph.D., LICSW (Giver)  
650 |a Psychobiology  |v Textbooks; Tâm sinh lý học  
700 |a University of British Columbia 
856 |u http://lrc.tdmu.edu.vn/opac/search/detail.asp?aID=2&ID=31495 
980 |a Trung tâm Học liệu Trường Đại học Thủ Dầu Một